| Tag |
First Indicator |
Second Indicator |
Subfields |
| LEADER |
00000pam a2200000 a 4500 |
| 001 |
in00000080253 |
| 005 |
20151008060906.0 |
| 008 |
810826s1982 ctu 00100 eng |
| 010 |
|
|
|a 81007036
|
| 020 |
|
|
|a 0313232776 (lib. bdg.)
|
| 035 |
|
|
|a (OCoLC)07773280
|
| 035 |
|
|
|9 AAJ6828AM
|
| 039 |
0 |
|
|a 2
|b 3
|c 3
|d 3
|e 3
|
| 040 |
|
|
|a DLC
|c DLC
|d TXA
|d UtOrBLW
|
| 049 |
|
|
|a TXAM
|c [1443015]
|
| 050 |
0 |
0 |
|a K4240
|b .I55
|
| 082 |
0 |
|
|a 341.7/57
|2 19
|
| 245 |
0 |
0 |
|a International law governing communications and information :
|b a collection of basic documents /
|c prepared by Edward W. Ploman.
|
| 264 |
|
1 |
|a Westport, Conn. :
|b Greenwood Press,
|c 1982.
|
| 300 |
|
|
|a xvi, 367 pages ;
|c 24 cm.
|
| 336 |
|
|
|a text
|b txt
|2 rdacontent
|
| 337 |
|
|
|a unmediated
|b n
|2 rdamedia
|
| 338 |
|
|
|a volume
|b nc
|2 rdacarrier
|
| 500 |
|
|
|a Includes index.
|
| 650 |
|
0 |
|a Communication and traffic
|x Law and legislation.
|
| 650 |
|
0 |
|a Communication, International.
|
| 650 |
|
0 |
|a Freedom of information.
|
| 700 |
1 |
|
|a Ploman, Edward W.,
|d 1926-
|
| 999 |
|
|
|a MARS
|
| 999 |
f |
f |
|s b098264a-98db-3caa-bb1e-f2aebf335769
|i 766f7db5-f16b-3e6d-88f9-17fb50bee63f
|t 0
|
| 952 |
f |
f |
|p ric
|a Texas A&M University
|b Rellis Campus
|c Joint Library Facility
|d Remote Storage
|t 0
|e K4240 .I55
|h Library of Congress classification
|i unmediated -- volume
|m A14806154147
|
| 998 |
f |
f |
|a K4240 .I55
|t 0
|l Remote Storage
|